000 00297nam a22001337a 4500
008 181031b xxu||||| |||| 00| 0 eng d
020 _a400708440038
041 _aeng
080 _a910
100 _a45
101 _aGEO
245 _aIntrenational Geographic Atlas
_cRand.M
942 _2udc
_cBK
999 _c51290
_d51290